000 00385nam a22001337a 4500
020 _a9780071428286
040 _cNUST
082 _a621.381046 GIL
100 _aGilleo, Ken
_962951
245 _aAarea Array Packaging Materials:
_bAdhesives, Paster, and Lead- Free
260 _aNew York:
_bMcgraw-Hill
_c2004.
650 _aAarea Array Packaging Materials:
_9114057
942 _2ddc
_cBK
999 _c595442
_d595442